| 000 | 00396nam a2200157Ia 4500 | ||
|---|---|---|---|
| 999 |
_c523368 _d523368 |
||
| 005 | 20190201114020.0 | ||
| 008 | 190125s9999 xx 000 0 und d | ||
| 020 | _a0394896157 | ||
| 040 | _cDLC | ||
| 082 |
_a560 _bPAR |
||
| 100 |
_aParker, Steve _913608 |
||
| 245 | _aEye Witness Books: Pond and River / | ||
| 260 |
_bAlfred A. Knopf _aNew York _c1988 |
||
| 300 | _a63 p. : | ||
| 942 |
_2ddc _cBK |
||